| 000 | 00930cam a2200277 i 4500 | ||
|---|---|---|---|
| 001 | 15314 | ||
| 003 | Mx-PuUPA | ||
| 005 | 20230711101346.0 | ||
| 008 | 140415s1995 mx gr 000 0 spa d | ||
| 020 | _a9682450454 | ||
| 040 |
_aMx-PuUPA _bspa _cMx-PuUPA _dMx-PuUPA _erda |
||
| 041 | 0 | _aspa | |
| 100 | 1 |
_aWoessner Aranda, Pedro, _eautor _914486 |
|
| 245 | 1 | 0 |
_aCómo realizar una auditoría de mercadotecnía / _cPedro Woessner Aranda |
| 250 | _aPrimera edición | ||
| 264 | 1 |
_aMéxico, D.F. : _bEditorial Trillas, _c©1995 |
|
| 300 |
_a406 páginas : _btablas ; _c23 cm |
||
| 336 |
_2rdacontent _atexto _btxt |
||
| 337 |
_2rdamedia _asin medio _bn |
||
| 338 |
_2rdacarrier _avolumen _bnc |
||
| 650 | 7 |
_aAuditoría _xMercadotecnía _2armarc |
|
| 942 |
_2ddc _cLI _h658.800723 _iW84 |
||
| 999 |
_c15314 _d15314 |
||